Städteraten - Spanien - Statistiken

Allgemein
  • Dieses Quiz wurde 121 mal gespielt
  • Das Durchschnittsergebnis liegt bei 8 aus 15
Antwortstatistiken
Hint Antwort % Korrekt
Internationale Metropole Kataloniens Barcelona
99%
Größter Ballungsraum Iberiens Madrid
99%
Angeblich die Wiege des Flamenco Sevilla
93%
Zweitgrößte Küstenstadt des Landes Valencia
90%
Metropole der Basken in Spanien Bilbao
82%
Größte Stadt der Balearen Palma de Mallorca
68%
Letzte islamische Hochburg bis 1492 Granada
60%
Einst Hauptstadt eines Kalifates Córdoba
54%
Berühmtes Ziel für Jakobs-Pilger Santiago de Compostela
51%
Hauptstadt von Aragonien Saragossa
50%
Ehemals spanische Hauptstadt Toledo
38%
Andalusische Stadt auf Felsplateau Ronda
18%
Zweitgrößte Stadt der Extremadura Cáceres
11%
Stadt mit UNESCO-Klosteranlage San Lorenzo de El Escorial
2%
Stadt seit 2001 UNESCO-Welterbe Aranjuez
1%
Keine übereinstimmenden Quizze gefunden
Verteilung der Resultate
Anzahl Personen mit jedem Resultat
Perzentil nach korrekt beantworteten Fragen
Ihre Resultats-Entwicklung
Sie haben dieses Quiz noch nicht gespielt